The librarian from the black lagoon / (Record no. 5306)

MARC details
000 -LEADER
fixed length control field 01127nam a22003017a 4500
001 - CONTROL NUMBER
control field 5306
003 - CONTROL NUMBER IDENTIFIER
control field FISKH
005 - DATE AND TIME OF LATEST TRANSACTION
control field 20241125145358.0
008 - FIXED-LENGTH DATA ELEMENTS--GENERAL INFORMATION
fixed length control field 241125b cb ||||| |||| 00| 0 eng d
020 ## - INTERNATIONAL STANDARD BOOK NUMBER
International Standard Book Number 9780590503112
040 ## - CATALOGING SOURCE
Original cataloging agency FISKH
Language of cataloging eng
Transcribing agency FISKH
Modifying agency FISKH
050 ## - LIBRARY OF CONGRESS CALL NUMBER
Classification number PZ7.T3
082 ## - DEWEY DECIMAL CLASSIFICATION NUMBER
Classification number 582
100 ## - MAIN ENTRY--PERSONAL NAME
Personal name Thaler, Mike
Dates associated with a name (1936–2024)
245 ## - TITLE STATEMENT
Title The librarian from the black lagoon /
Statement of responsibility, etc. by Mike Thaler picture by Jared Lee
250 ## - EDITION STATEMENT
Edition statement First printing in 1997
260 ## - PUBLICATION, DISTRIBUTION, ETC.
Place of publication, distribution, etc. New York :
Name of publisher, distributor, etc. Scholastic,
Date of publication, distribution, etc. 1997.
300 ## - PHYSICAL DESCRIPTION
Extent 30 pages :
Other physical details Color illustrations ;
Dimensions 21 cm
505 ## - FORMATTED CONTENTS NOTE
Formatted contents note R<br/>
520 ## - SUMMARY, ETC.
Summary, etc. Join Hubie once again as he faces his comically horrific fears during his first trip to the school library. Mrs. Beamster may be the school librarian, but to the kids at school, she's the "Laminator." If she catches you whispering, you're laminated! How will Hubie ever survive his first library trip?
521 8# - TARGET AUDIENCE NOTE
Target audience note 710L<br/>
Source Lexile<br/>
521 8# - TARGET AUDIENCE NOTE
Target audience note R<br/>
Source Raz-Plus<br/>
600 ## - SUBJECT ADDED ENTRY--PERSONAL NAME
Source of heading or term Black Lagoon
Personal name Humor
610 ## - SUBJECT ADDED ENTRY--CORPORATE NAME
Source of heading or term Fiction
Corporate name or jurisdiction name as entry element Librarians
700 ## - ADDED ENTRY--PERSONAL NAME
Personal name Lee, Jared
Dates associated with a name Illustrator
942 ## - ADDED ENTRY ELEMENTS (KOHA)
Source of classification or shelving scheme Dewey Decimal Classification
Koha item type Books
Suppress in OPAC No
Holdings
Withdrawn status Lost status Source of classification or shelving scheme Damaged status Not for loan Collection Home library Current library Shelving location Date acquired Total Checkouts Full call number Barcode Date last seen Copy number Price effective from Koha item type
    Dewey Decimal Classification     Fiction Footprints International School Library Network Toul Kork Campus Footprints International School Library Network Toul Kork Campus TK Primary Library Room(4th Floor), Bookcase 5&6, Shelves 33-56, Orange Books 11/25/2024   THA 582 PZ7.T3 2024-2370 11/25/2024 1 11/25/2024 Books